Po rokoch začína mať pocit, že je už mariášovo prehratý prezident I.košického klubu priateľov mariášu S.Surgent uvažuje zorganizovať medzinárodný turnaj

Bibliographic Details
Format: Article
Language:Slovak
PhysicalDescription:Obr.
ISSN:1336-5320
Subjects:

MARC

LEADER 00000nab a2200000 a 4500
001 vtls008702298
003 SK-MaSNL
005 20260303073613.0
008 060519 2006 xo r r 000 0 slo
038 |a KEVKJB 
040 |a KEVKJB  |b slo  |c KEVKJB  |e AACR2 
041 0 |a slo 
044 |a xo  |c SK 
080 |a 794.4  |2 2001 
245 0 0 |a Po rokoch začína mať pocit, že je už mariášovo prehratý  |b prezident I.košického klubu priateľov mariášu S.Surgent uvažuje zorganizovať medzinárodný turnaj  |c [autor] lia 
300 |b Obr. 
610 2 7 |a I. košický klub priateľov mariášu (Košice, Slovensko)  |2 kevkjb  |9 878005 
650 0 7 |a kluby  |x mariáš  |2 kevkjb  |9 1075458 
650 0 7 |a mariáš  |2 kevkjb  |9 86908 
651 7 |a Košice (Slovensko)  |2 kevkjb  |9 18694 
773 0 |t Košický večer  |g Roč. 17(38), č. 20 (19.5.2006), s. 9  |x 1336-5320 
852 |a KEVKJB  |b KIS3GCP 
999 |c 1768358  |d 1770288